000 00689nam a22002657a 4500
003 UA-OsUOA
001 27161
007 ta
008 20040617b un ||||| |||| 00| 0 ukr d
100 _aДжефкінс Френк
090 _a658.1(075)
_bД40
942 _cBK
040 _aUA-OsUOA
_bukr
_cUA-OsUOA
_dUA-OsUOA
245 _aРеклама
_bПрактичний посібник
300 _a456 с.
955 _a0
041 _aukr
080 _a658.1(075)
020 _a966-620-053-8
260 _aКиїв
_bЗнання
_c2001
044 _aUA
250 _nДоповнення і редакція Деніела Ядіна
650 7 _2UDC
999 _c313503
_d313503